000 00461nam a2200157Ia 4500
999 _c21916
_d21916
003 OSt
005 20200611115133.0
008 190216s9999||||xx |||||||||||||| ||und||
040 _coclc
082 _a297.12
_bHUS/Q
100 _aHusain, Ashfaque
_92780
245 0 _aThe Quintessence Of Islam /
_cAshfaque Husain
260 _bAsia Publishing House,
_aBombay:
_c1960.
300 _a92p
942 _cBK
_2ddc
_h297.12
_iHUS/Q
_k297.12
_mHUS/Q